[Event "Dieren op"]
[Site "Dieren"]
[Date "2017.07.28"]
[Round "4"]
[White "Rietveld, Renze"]
[Black "Van Dael, Siem"]
[Result "0-1"]
[WhiteElo "2312"]
[BlackElo "2132"]
[PlyCount "74"]
[EventDate "2017.07.25"]
[EventType "swiss"]
[EventRounds "9"]
[EventCountry "NED"]
[SourceTitle "CBM 179 Extra"]
[Source "ChessBase"]
[SourceDate "2017.08.23"]
[SourceVersion "1"]
[SourceVersionDate "2017.08.23"]
[SourceQuality "1"]

1. d4 Nf6 2. Bf4 g6 3. e3 Bg7 4. Nd2 0-0 5. g4 c5 6. c3 cxd4 7. cxd4 Qa5 8. Bg2 d6 9. g5 Nh5 10. Ne2 Nxf4 11. Nxf4 Nc6 12. h4 e5 13. Nd5 exd4 14. e4 Re8 15. 0-0 Be6 16. Nc4 Qd8 17. Qb3 Rb8 18. Qg3 Ne5 19. Nd2 Nc6 20. a3 Bxd5 21. exd5 Ne7 22. Be4 Qd7 23. Rae1 Rbd8 24. b4 b5 25. Kg2 Rc8 26. Rc1 Rc3 27. Bf3 Be5 28. Qg4 Qxg4+ 29. Bxg4 Nxd5 30. Ne4 Rxa3 31. Kh1 Nc3 32. Rfe1 Nxe4 33. Rxe4 Rc3 34. Rce1 Rd8 35. f4 Bg7 36. Re7 d3 37. h5 d2 0-1

[Event "BL2-West 1415"]
[Site "Germany"]
[Date "2014.12.07"]
[Round "4.7"]
[White "Gupta, Milon"]
[Black "Rietveld, Renze"]
[Result "1-0"]
[WhiteElo "2262"]
[BlackElo "2223"]
[PlyCount "97"]
[EventDate "2014.09.21"]
[EventType "team-tourn"]
[EventRounds "9"]
[EventCountry "GER"]
[SourceTitle "CBM 166 Extra"]
[Source "ChessBase"]
[SourceDate "2015.06.18"]
[SourceVersion "1"]
[SourceVersionDate "2015.06.18"]
[SourceQuality "1"]
[WhiteTeam "Solingen II"]
[BlackTeam "Emsdetten Turm II"]
[WhiteTeamCountry "GER"]
[BlackTeamCountry "GER"]

1. d4 d5 2. c4 c6 3. Nf3 Nf6 4. Qc2 e6 5. g3 Nbd7 6. Bg2 Bb4+ 7. Nbd2 0-0 8. 0-0 Re8 9. e4 Bxd2 10. Nxd2 Nxe4 11. Nxe4 dxe4 12. Qxe4 e5 13. Be3 Nf6 14. Qh4 Ng4 15. Qxd8 Rxd8 16. d5 cxd5 17. Bxd5 Nxe3 18. fxe3 Rd7 19. Rad1 Kf8 20. Rd2 h6 21. Kg2 a5 22. g4 Ra6 23. Rdf2 f6 24. h4 Ke7 25. Kg3 Rd8 26. Rd2 Rb6 27. Rfd1 Rb4 28. b3 a4 29. Rd3 axb3 30. axb3 b5 31. e4 bxc4 32. bxc4 Ba6 33. Ra3 Rd6 34. Rc3 Bc8 35. c5 Rd7 36. Ra1 Rc7 37. c6 Rd4 38. Rca3 Be6 39. Ra7 Rd3+ 40. Kf2 Rxa7 41. Rxa7+ Kd6 42. Bxe6 Kxe6 43. Rxg7 Rc3 44. c7 Kd6 45. Rf7 Rxc7 46. Rxf6+ Kc5 47. Rxh6 Kd4 48. Rf6 Kxe4 49. g5 1-0

[Event "Groningen op-A 48th"]
[Site "Groningen"]
[Date "2011.12.27"]
[Round "6"]
[White "Lyell, Mark"]
[Black "Rietveld, Renze"]
[Result "1-0"]
[WhiteElo "2189"]
[BlackElo "2264"]
[PlyCount "101"]
[EventDate "2011.12.21"]
[EventType "swiss"]
[EventRounds "9"]
[EventCountry "NED"]
[SourceTitle "CBM 146 Extra"]
[Source "ChessBase"]
[SourceDate "2012.02.29"]
[SourceVersion "1"]
[SourceVersionDate "2012.02.29"]
[SourceQuality "1"]

1. e4 c5 2. Nc3 a6 3. Nf3 e6 4. Be2 b5 5. 0-0 Nc6 6. d4 cxd4 7. Nxd4 Bb7 8. Be3 Nf6 9. Nxc6 Bxc6 10. e5 b4 11. exf6 bxc3 12. Qd4 Qxf6 13. b3 Be7 14. Rfd1 0-0 15. Qxf6 Bxf6 16. Bd4 Rfc8 17. Bxf6 gxf6 18. Rd6 a5 19. a4 Rab8 20. f3 Kf8 21. Rad1 Ke7 22. R6d3 Bd5 23. Kf2 Rc7 24. Re3 Bb7 25. f4 f5 26. Bd3 Kf6 27. Rh3 Rg8 28. Rg1 Rg4 29. g3 Rg7 30. Rh6+ Ke7 31. Re1 Rc5 32. Re5 Rxe5 33. fxe5 Kd8 34. Ke3 Kc7 35. Kd4 d6 36. exd6+ Kxd6 37. Bxf5 Rg5 38. Bxh7 f5 39. Kxc3 Be4 40. Rg6 Rh5 41. Bg8 Rxh2 42. Rxe6+ Kc5 43. Re5+ Kc6 44. Rxa5 Rxc2+ 45. Kd4 Rg2 46. Ra6+ Kc7 47. Rg6 Rc2 48. Bd5 Re2 49. Kc5 Re3 50. Rg7+ Kc8 51. Kd6 1-0

[Event "Hoogeveen Unive op 15th"]
[Site "Hoogeveen"]
[Date "2011.10.19"]
[Round "6"]
[White "Goudriaan, Etienne"]
[Black "Rietveld, Renze"]
[Result "1-0"]
[WhiteElo "2250"]
[BlackElo "2291"]
[PlyCount "107"]
[EventDate "2011.10.14"]
[EventType "swiss"]
[EventRounds "9"]
[EventCountry "NED"]
[SourceTitle "CBM 144 Extra"]
[Source "ChessBase"]
[SourceDate "2011.10.28"]
[SourceVersion "1"]
[SourceVersionDate "2011.10.28"]
[SourceQuality "1"]

1. e4 c5 2. Nf3 d6 3. d4 cxd4 4. Nxd4 Nf6 5. Nc3 a6 6. Bg5 e6 7. f4 Be7 8. Qf3 Qc7 9. 0-0-0 Nbd7 10. g4 b5 11. Bxf6 Nxf6 12. g5 Nd7 13. f5 Bxg5+ 14. Kb1 Ne5 15. Qh5 Qe7 16. Nxe6 Bxe6 17. fxe6 g6 18. exf7+ Kxf7 19. Qh3 Kg7 20. Nd5 Qa7 21. Qg3 Bh6 22. h4 Raf8 23. Qa3 Qc5 24. Qxa6 Rb8 25. b4 Qc6 26. Qxc6 Nxc6 27. Rh3 Rhf8 28. Rc3 Ne5 29. a3 Kh8 30. Nc7 Nf3 31. Bxb5 Nd2+ 32. Ka2 Bg7 33. Rc6 Nxe4 34. Kb3 Rf3+ 35. Rd3 Rf1 36. Ka4 Rf7 37. Re3 Re7 38. Nd5 Re5 39. c4 Bh6 40. Rf3 Bd2 41. Nf6 Nxf6 42. Rxf6 Re3 43. Rf1 Bc3 44. Rb1 Be5 45. Ba6 Kg7 46. b5 Bd4 47. Rb3 Re4 48. b6 d5 49. b7 dxc4 50. Rxc4 Re6 51. Ka5 Bf2 52. Rc8 Be1+ 53. Kb5 Re5+ 54. Kc6 1-0

[Event "Hoogeveen Unive op 15th"]
[Site "Hoogeveen"]
[Date "2011.10.15"]
[Round "2"]
[White "Lenderman, Aleksandr"]
[Black "Rietveld, Renze"]
[Result "1-0"]
[WhiteElo "2562"]
[BlackElo "2291"]
[PlyCount "97"]
[EventDate "2011.10.14"]
[EventType "swiss"]
[EventRounds "9"]
[EventCountry "NED"]
[SourceTitle "CBM 144 Extra"]
[Source "ChessBase"]
[SourceDate "2011.10.28"]
[SourceVersion "1"]
[SourceVersionDate "2011.10.28"]
[SourceQuality "1"]

1. e4 c5 2. d4 cxd4 3. c3 d3 4. Bxd3 g6 5. Nf3 Bg7 6. 0-0 Nc6 7. c4 d6 8. h3 Nf6 9. Nc3 0-0 10. Be3 b6 11. Rc1 Bb7 12. Qe2 Nd7 13. Rfd1 Rc8 14. Bb1 Re8 15. b3 Nc5 16. Nd4 Nxd4 17. Bxd4 Bxd4 18. Rxd4 Ne6 19. Rd2 Rc5 20. Rf1 Qa8 21. f4 Nf8 22. Qf2 Qc8 23. Kh2 Qe6 24. Qd4 g5 25. g3 Bc8 26. Kg1 Qxh3 27. Rg2 Qh6 28. b4 Rc7 29. Nd5 Rb7 30. Rh2 Qg7 31. Qd2 Be6 32. Kh1 Bxd5 33. exd5 Rc7 34. Bd3 b5 35. cxb5 e5 36. dxe6 Rxe6 37. fxg5 Re5 38. Bf5 d5 39. g4 Rce7 40. a4 Re3 41. Qxd5 Qxg5 42. Qd1 Rc3 43. Qd8 Rc1 44. Bxh7+ Kg7 45. Qd4+ f6 46. Bd3 Rxf1+ 47. Bxf1 Qc1 48. Rf2 Nh7 49. g5 1-0

[Event "Hoogeveen Unive op 15th"]
[Site "Hoogeveen"]
[Date "2011.10.14"]
[Round "1"]
[White "Rietveld, Renze"]
[Black "Mol, Christiaan"]
[Result "1-0"]
[WhiteElo "2291"]
[BlackElo "2013"]
[PlyCount "69"]
[EventDate "2011.10.14"]
[EventType "swiss"]
[EventRounds "9"]
[EventCountry "NED"]
[SourceTitle "CBM 144 Extra"]
[Source "ChessBase"]
[SourceDate "2011.10.28"]
[SourceVersion "1"]
[SourceVersionDate "2011.10.28"]
[SourceQuality "1"]

1. e4 c5 2. Nf3 Nc6 3. d4 cxd4 4. Nxd4 Nf6 5. Nc3 e5 6. Ndb5 d6 7. Bg5 a6 8. Na3 b5 9. Bxf6 gxf6 10. Nd5 f5 11. c3 Bg7 12. exf5 Bxf5 13. Nc2 0-0 14. Nce3 Be6 15. Bd3 f5 16. Qh5 Bxd5 17. Nxd5 e4 18. Bc2 Ne5 19. 0-0 Ra7 20. Rad1 Ng6 21. g3 Be5 22. f4 Bg7 23. Kh1 Ne7 24. g4 Kh8 25. Ne3 d5 26. gxf5 Rd7 27. Rg1 Bf6 28. Rg3 d4 29. cxd4 Ng8 30. Rh3 Qc7 31. Bb3 Rxd4 32. Rg1 Rd7 33. Bxg8 Rxg8 34. Rxg8+ Kxg8 35. Qe8+ 1-0

[Event "Groningen Atlantis IM"]
[Site "Groningen"]
[Date "2011.08.16"]
[Round "9"]
[White "Rietveld, Renze"]
[Black "Bedouin, Xavier"]
[Result "1-0"]
[WhiteElo "2248"]
[BlackElo "2410"]
[PlyCount "71"]
[EventDate "2011.08.08"]
[EventType "tourn"]
[EventRounds "9"]
[EventCountry "NED"]
[EventCategory "3"]
[SourceTitle "CBM 143 Extra"]
[Source "ChessBase"]
[SourceDate "2011.08.29"]
[SourceVersion "1"]
[SourceVersionDate "2011.08.29"]
[SourceQuality "1"]

1. e4 e5 2. Nf3 Nc6 3. Nc3 Nf6 4. g3 Bc5 5. Bg2 d6 6. d3 a6 7. 0-0 Be6 8. Be3 Bxe3 9. fxe3 Ne7 10. Nh4 c6 11. d4 Qc7 12. Qd2 h6 13. d5 cxd5 14. exd5 Bd7 15. e4 Rc8 16. Kh1 Nh7 17. Rf2 Ng5 18. Nf5 Bxf5 19. exf5 Ng8 20. h4 Nh7 21. f6 Nhxf6 22. Bh3 Rd8 23. Raf1 h5 24. Qg5 Kf8 25. Ne4 Rh6 26. Qe3 Rg6 27. c4 Qxc4 28. Qb6 Re8 29. Qxd6+ Ne7 30. Nxf6 gxf6 31. Rxf6 Rxf6 32. Qxf6 Qxd5+ 33. Bg2 Qxa2 34. Qh6+ Kg8 35. Be4 f5 36. Qg5+ 1-0

[Event "Groningen Atlantis IM"]
[Site "Groningen"]
[Date "2011.08.15"]
[Round "8"]
[White "Van Assendelft, Floris"]
[Black "Rietveld, Renze"]
[Result "1/2-1/2"]
[WhiteElo "2393"]
[BlackElo "2248"]
[PlyCount "53"]
[EventDate "2011.08.08"]
[EventType "tourn"]
[EventRounds "9"]
[EventCountry "NED"]
[EventCategory "3"]
[SourceTitle "CBM 143 Extra"]
[Source "ChessBase"]
[SourceDate "2011.08.29"]
[SourceVersion "1"]
[SourceVersionDate "2011.08.29"]
[SourceQuality "1"]

1. e4 c5 2. Nf3 d6 3. c3 Nf6 4. Be2 g6 5. 0-0 Bg7 6. Bb5+ Bd7 7. Bxd7+ Qxd7 8. Re1 Nc6 9. d4 cxd4 10. cxd4 d5 11. e5 Ne4 12. Nc3 Nxc3 13. bxc3 0-0 14. h4 Rfd8 15. Ng5 Qf5 16. e6 fxe6 17. g4 Qf6 18. Rxe6 Qf8 19. Rb1 Rd7 20. Qe2 Kh8 21. h5 gxh5 22. Rxc6 bxc6 23. Qe6 Rc7 24. Nf7+ Kg8 25. Ne5+ Kh8 26. Nf7+ Kg8 27. Nh6+ 1/2-1/2

[Event "Groningen Atlantis IM"]
[Site "Groningen"]
[Date "2011.08.14"]
[Round "7"]
[White "Rietveld, Renze"]
[Black "Geurink, Jasper"]
[Result "1-0"]
[WhiteElo "2248"]
[BlackElo "2293"]
[PlyCount "45"]
[EventDate "2011.08.08"]
[EventType "tourn"]
[EventRounds "9"]
[EventCountry "NED"]
[EventCategory "3"]
[SourceTitle "CBM 143 Extra"]
[Source "ChessBase"]
[SourceDate "2011.08.29"]
[SourceVersion "1"]
[SourceVersionDate "2011.08.29"]
[SourceQuality "1"]

1. e4 e6 2. d4 d5 3. exd5 exd5 4. c4 Bb4+ 5. Nc3 Qe7+ 6. Be3 Nf6 7. h3 Ne4 8. Qc1 c5 9. Nf3 Nc6 10. Be2 cxd4 11. Nxd4 Qf6 12. Nxc6 bxc6 13. 0-0 Bxc3 14. bxc3 0-0 15. cxd5 cxd5 16. Bd4 Qg6 17. Kh1 Re8 18. Re1 Ba6 19. Bf3 Re6 20. Qf4 Rae8 21. Kh2 Ng5 22. Bxd5 Rxe1 23. Rxe1 1-0

[Event "Groningen Atlantis IM"]
[Site "Groningen"]
[Date "2011.08.12"]
[Round "5"]
[White "Rietveld, Renze"]
[Black "Afek, Yochanan"]
[Result "1-0"]
[WhiteElo "2248"]
[BlackElo "2298"]
[PlyCount "143"]
[EventDate "2011.08.08"]
[EventType "tourn"]
[EventRounds "9"]
[EventCountry "NED"]
[EventCategory "3"]
[SourceTitle "CBM 143 Extra"]
[Source "ChessBase"]
[SourceDate "2011.08.29"]
[SourceVersion "1"]
[SourceVersionDate "2011.08.29"]
[SourceQuality "1"]

1. e4 c5 2. Nf3 Nf6 3. Nc3 Nc6 4. d4 d5 5. exd5 Nxd5 6. Bb5 Nxc3 7. bxc3 Qa5 8. Qd3 cxd4 9. Nxd4 Bd7 10. 0-0 e6 11. Rd1 Rd8 12. Bg5 f6 13. Be3 Nxd4 14. Bxd7+ Rxd7 15. cxd4 Be7 16. Qb3 Kf7 17. c4 Rhd8 18. h3 f5 19. Rd3 a6 20. Rad1 Qb4 21. Rb1 Qa5 22. d5 Bc5 23. dxe6+ Kxe6 24. Rd5 Rxd5 25. cxd5+ Rxd5 26. Bxc5 Qxc5 27. Qxb7 Qd6 28. Qxg7 Rd1+ 29. Rxd1 Qxd1+ 30. Kh2 Qd2 31. Qg8+ Kf6 32. Qf8+ Kg6 33. Qe8+ Kf6 34. Qc6+ Kg5 35. Qxa6 Qxf2 36. Qc4 h5 37. Qg8+ Kf6 38. Qd8+ Ke6 39. Qc8+ Kf6 40. Qc3+ Kf7 41. Qc7+ Ke6 42. a4 f4 43. Qc4+ Kd6 44. Qd3+ Kc7 45. Qb3 Qd4 46. Qf7+ Kb6 47. Qxh5 Qxa4 48. Qg6+ Kb7 49. h4 f3 50. Qf7+ Kb8 51. Qf8+ Ka7 52. Qe7+ Ka8 53. gxf3 Qc2+ 54. Kg1 Qd1+ 55. Kf2 Qd4+ 56. Kg3 Qg1+ 57. Kf4 Qh2+ 58. Kf5 Qh3+ 59. Kg6 Qg3+ 60. Qg5 Qd6+ 61. Qf6 Qd3+ 62. Kh6 Qe3+ 63. f4 Kb7 64. h5 Kc8 65. Kh7 Kd7 66. f5 Qf4 67. h6 Ke8 68. Qh8+ Ke7 69. Qg7+ Kd6 70. f6 Qe4+ 71. Kg8 Kc6 72. f7 1-0

[Event "Groningen Atlantis IM"]
[Site "Groningen"]
[Date "2011.08.10"]
[Round "3"]
[White "Rietveld, Renze"]
[Black "De Jong, Migchiel"]
[Result "1/2-1/2"]
[WhiteElo "2248"]
[BlackElo "2376"]
[PlyCount "74"]
[EventDate "2011.08.08"]
[EventType "tourn"]
[EventRounds "9"]
[EventCountry "NED"]
[EventCategory "3"]
[SourceTitle "CBM 143 Extra"]
[Source "ChessBase"]
[SourceDate "2011.08.29"]
[SourceVersion "1"]
[SourceVersionDate "2011.08.29"]
[SourceQuality "1"]

1. e4 c5 2. Nf3 e6 3. d4 cxd4 4. Nxd4 a6 5. Nc3 b5 6. Bd3 Bb7 7. 0-0 Nc6 8. Nxc6 Bxc6 9. Re1 Bc5 10. Qh5 d6 11. e5 Qb6 12. Be3 Bxe3 13. Rxe3 g6 14. Qg5 Qd8 15. Qf4 dxe5 16. Qxe5 Qf6 17. Qc7 Ne7 18. Be4 Rc8 19. Bxc6+ Kf8 20. Qd7 Rxc6 21. Rf3 Qh4 22. Re1 Qb4 23. Qd8+ Kg7 24. Rxf7+ Kxf7 25. Qxh8 Qxb2 26. Qxh7+ Ke8 27. Ne4 Rxc2 28. h4 Qe5 29. a3 Ra2 30. g4 Ra1 31. Rxa1 Qxa1+ 32. Kg2 Qe5 33. f3 Qb2+ 34. Kg3 Qe5+ 35. Kg2 Qb2+ 36. Kg3 Qe5+ 37. Kg2 Qb2+ 1/2-1/2

[Event "Groningen Atlantis IM"]
[Site "Groningen"]
[Date "2011.08.09"]
[Round "2"]
[White "Picard, Romain"]
[Black "Rietveld, Renze"]
[Result "1-0"]
[WhiteElo "2351"]
[BlackElo "2248"]
[PlyCount "65"]
[EventDate "2011.08.08"]
[EventType "tourn"]
[EventRounds "9"]
[EventCountry "NED"]
[EventCategory "3"]
[SourceTitle "CBM 143 Extra"]
[Source "ChessBase"]
[SourceDate "2011.08.29"]
[SourceVersion "1"]
[SourceVersionDate "2011.08.29"]
[SourceQuality "1"]

1. e4 c5 2. Nf3 d6 3. d4 cxd4 4. Nxd4 Nf6 5. Nc3 a6 6. Be2 e6 7. a4 Nc6 8. 0-0 Be7 9. Be3 Qc7 10. f4 0-0 11. Kh1 Re8 12. Bf3 Rb8 13. g4 Nd7 14. Bg2 Bf8 15. g5 b6 16. Qh5 g6 17. Qh3 Nb4 18. f5 Ne5 19. Rf4 Nc4 20. Bg1 e5 21. Rh4 h5 22. Nde2 Qd8 23. b3 Na5 24. Bf3 Bg7 25. Bxh5 d5 26. Bg4 Qxg5 27. fxg6 fxg6 28. Bxc8 Rbxc8 29. Bxb6 Nb7 30. Rg1 Qf6 31. Rhg4 Qe6 32. Qg2 Re7 33. Rxg6 1-0

[Event "Dieren op"]
[Site "Dieren"]
[Date "2010.08.04"]
[Round "8"]
[White "Michalczak, Thomas"]
[Black "Rietveld, Renze"]
[Result "1-0"]
[WhiteElo "2367"]
[BlackElo "2238"]
[PlyCount "61"]
[EventDate "2010.07.27"]
[EventType "swiss"]
[EventRounds "9"]
[EventCountry "NED"]
[SourceTitle "CBM 137 Extra"]
[Source "ChessBase"]
[SourceDate "2010.09.01"]
[SourceVersion "1"]
[SourceVersionDate "2010.09.01"]
[SourceQuality "1"]

1. e4 e5 2. f4 d5 3. exd5 e4 4. d3 exd3 5. Bxd3 Nf6 6. c4 Be7 7. Nf3 0-0 8. 0-0 c6 9. Nc3 cxd5 10. cxd5 Nbd7 11. Bc4 Nb6 12. Bb3 Bc5+ 13. Kh1 Bf5 14. Ne5 h5 15. Qf3 h4 16. Be3 Bb4 17. Rfe1 Bxc3 18. Bxb6 Qxb6 19. bxc3 a5 20. Rac1 a4 21. Bc2 Bxc2 22. Rxc2 Qc5 23. c4 Rfd8 24. Rb2 Qc7 25. Qh3 a3 26. Rb3 Qa5 27. Qxh4 Qd2 28. Rh3 Kf8 29. Nf3 Qxa2 30. Qh8+ Ng8 31. Ng5 1-0

[Event "Dieren op"]
[Site "Dieren"]
[Date "2010.08.03"]
[Round "7"]
[White "Rietveld, Renze"]
[Black "Siebrecht, Sebastian"]
[Result "1/2-1/2"]
[WhiteElo "2238"]
[BlackElo "2417"]
[PlyCount "167"]
[EventDate "2010.07.27"]
[EventType "swiss"]
[EventRounds "9"]
[EventCountry "NED"]
[SourceTitle "CBM 137 Extra"]
[Source "ChessBase"]
[SourceDate "2010.09.01"]
[SourceVersion "1"]
[SourceVersionDate "2010.09.01"]
[SourceQuality "1"]

1. e4 g6 2. d4 Bg7 3. Nc3 d6 4. Nge2 Nf6 5. g3 0-0 6. Bg2 Nbd7 7. h3 e5 8. 0-0 c6 9. a4 Re8 10. d5 c5 11. Nb5 Nb8 12. Na3 Rf8 13. Bg5 h6 14. Be3 Ne8 15. Qd2 Kh7 16. Nc4 Nd7 17. Nc3 Nb6 18. Na3 Bd7 19. a5 Nc8 20. Nc4 Rb8 21. f4 exf4 22. gxf4 b5 23. axb6 axb6 24. e5 Ne7 25. Ra7 Nf5 26. Bf2 Nc7 27. Re1 Nb5 28. Nxb5 Bxb5 29. Ne3 Nh4 30. e6 fxe6 31. dxe6 Rxf4 32. Ng4 Nxg2 33. Kxg2 Qg5 34. Qxd6 Rd8 35. Qe5 Bc6+ 36. Kg1 Qxe5 37. Nxe5 Be8 38. Nd3 Rf5 39. b4 Rg5+ 40. Kh2 c4 41. Bxb6 Rdd5 42. Nf4 Rd2+ 43. Re2 Rd1 44. Rc7 Rf5 45. Kg3 g5 46. Ng2 Kg6 47. Rc8 Ba4 48. Rc5 Rdd5 49. Rxd5 Rxd5 50. Bc7 c3 51. e7 Kf7 52. Ne3 Rd2 53. Re1 Bd4 54. Ng4 h5 55. Nh6+ Ke8 56. Re6 Bd7 57. Rg6 Bf2+ 58. Kf3 Kxe7 59. Rxg5 Bc6+ 60. Kf4 Rd4+ 61. Kf5 Be4+ 62. Ke5 Rd5+ 63. Kxe4 Rxg5 64. Bd8+ Kxd8 65. Nf7+ Kc7 66. Nxg5 Kb6 67. Kd3 Kb5 68. Ne4 Be1 69. Nxc3+ Kxb4 70. Ne4 Kb5 71. Nf6 h4 72. c4+ Kc6 73. Ne4 Ba5 74. Kd4 Bd8 75. Ke5 Bc7+ 76. Kf5 Bd8 77. Kg4 Be7 78. Ng5 Kc5 79. Kxh4 Kxc4 80. Kh5 Kd5 81. Kg6 Ke5 82. h4 Kf4 83. Ne6+ Ke5 84. Ng5 1/2-1/2

[Event "Dieren op"]
[Site "Dieren"]
[Date "2010.07.31"]
[Round "5"]
[White "Rietveld, Renze"]
[Black "Milov, Leonid"]
[Result "0-1"]
[WhiteElo "2238"]
[BlackElo "2562"]
[PlyCount "136"]
[EventDate "2010.07.27"]
[EventType "swiss"]
[EventRounds "9"]
[EventCountry "NED"]
[SourceTitle "CBM 137 Extra"]
[Source "ChessBase"]
[SourceDate "2010.09.01"]
[SourceVersion "1"]
[SourceVersionDate "2010.09.01"]
[SourceQuality "1"]

1. e4 c5 2. Nf3 e6 3. d4 cxd4 4. Nxd4 Nc6 5. Nc3 Qc7 6. Be3 Nf6 7. Qd2 Nxd4 8. Bxd4 e5 9. Be3 Bb4 10. f3 h6 11. Be2 d6 12. 0-0 0-0 13. Rfd1 Be6 14. a3 Bxc3 15. Qxc3 Qxc3 16. bxc3 d5 17. Bd3 Rfc8 18. Bd2 dxe4 19. fxe4 Rc7 20. Rab1 Rd8 21. Rb4 Nd7 22. Kf2 Nc5 23. Be3 b6 24. Bxc5 Rxc5 25. a4 Rxc3 26. Ra1 Rdc8 27. a5 Bc4 28. axb6 axb6 29. Rxb6 Bxd3 30. cxd3 Rc2+ 31. Kf3 Rd2 32. Rb3 Rcc2 33. Rg1 h5 34. h4 Rf2+ 35. Kg3 Kh7 36. Kh3 Rcd2 37. g4 Rh2+ 38. Kg3 Kg6 39. gxh5+ Kxh5 40. Rb8 Kg6 41. Rb6+ Kh7 42. Rd6 Rhe2 43. Kf3 Rf2+ 44. Kg3 f6 45. Rd7 Kh6 46. Rd8 g6 47. Kg4 Rde2 48. Kh3 Re3+ 49. Rg3 Re1 50. Rg2 Rh1+ 51. Kg3 Rxg2+ 52. Kxg2 Rxh4 53. Rh8+ Kg5 54. Rg8 Rh7 55. Kf3 Rh3+ 56. Ke2 Rg3 57. Rf8 Rh3 58. Rf7 Rh2+ 59. Kf3 Ra2 60. Kg3 Rd2 61. Rd7 f5 62. exf5 gxf5 63. Rd5 f4+ 64. Kf3 Kf5 65. Rd8 Rxd3+ 66. Rxd3 e4+ 67. Ke2 exd3+ 68. Kxd3 Kg4 0-1

[Event "Dieren op"]
[Site "Dieren"]
[Date "2008.07.30"]
[Round "8"]
[White "Michalczak, Thomas"]
[Black "Rietveld, Renze"]
[Result "1-0"]
[WhiteElo "2297"]
[BlackElo "2168"]
[PlyCount "85"]
[EventDate "2008.07.22"]
[EventType "swiss"]
[EventRounds "9"]
[EventCountry "NED"]
[SourceTitle "CBM 125 Extra"]
[Source "ChessBase"]
[SourceDate "2008.09.01"]
[SourceVersion "1"]
[SourceVersionDate "2008.09.01"]
[SourceQuality "1"]

1. e4 c5 2. c3 g6 3. d4 cxd4 4. cxd4 d5 5. exd5 Nf6 6. Nc3 a6 7. Qb3 Bg7 8. a4 0-0 9. Bc4 Nbd7 10. a5 b5 11. Be2 Bb7 12. Bf3 Ne8 13. Nge2 Nd6 14. 0-0 Nc4 15. Qb4 Nf6 16. b3 Nd6 17. Bf4 Nf5 18. d6 Bxf3 19. dxe7 Nxe7 20. gxf3 Nfd5 21. Nxd5 Nxd5 22. Qd6 Nxf4 23. Qxf4 Qd5 24. Rab1 b4 25. Rfd1 Rfe8 26. Ng3 f5 27. Nf1 g5 28. Ne3 Qb7 29. Qxf5 Rf8 30. Qd5+ Qxd5 31. Nxd5 Rab8 32. Nc7 Rxf3 33. Nxa6 Ra8 34. Nxb4 Rxa5 35. d5 Rf4 36. Nc2 Ra2 37. Rd2 Bf8 38. Rbd1 Bd6 39. Ne3 Ra6 40. Rd4 Rf8 41. Ra4 Rfa8 42. Rxa6 Rxa6 43. Nc4 1-0

[Event "Dieren op"]
[Site "Dieren"]
[Date "2008.07.29"]
[Round "7"]
[White "Rietveld, Renze"]
[Black "Wohl, Aleksandar H"]
[Result "1/2-1/2"]
[WhiteElo "2168"]
[BlackElo "2384"]
[PlyCount "107"]
[EventDate "2008.07.22"]
[EventType "swiss"]
[EventRounds "9"]
[EventCountry "NED"]
[SourceTitle "CBM 125 Extra"]
[Source "ChessBase"]
[SourceDate "2008.09.01"]
[SourceVersion "1"]
[SourceVersionDate "2008.09.01"]
[SourceQuality "1"]

1. e4 e5 2. Nf3 Nc6 3. Nc3 g6 4. d4 exd4 5. Nxd4 Bg7 6. Be3 Nf6 7. Nxc6 dxc6 8. Qxd8+ Kxd8 9. 0-0-0+ Ke8 10. f3 Be6 11. Ne2 a5 12. a4 h5 13. Nf4 Bd7 14. h4 Nh7 15. Bc4 Nf8 16. Rd2 Rd8 17. Rhd1 Bf6 18. g3 b6 19. Bd4 Bxd4 20. Rxd4 Ke7 21. c3 Rh7 22. b4 axb4 23. cxb4 Ra8 24. Bb3 Be8 25. b5 Nd7 26. bxc6 Nc5 27. Nd5+ Kf8 28. Kc2 Bxc6 29. Nxc7 Ra7 30. Nd5 f5 31. exf5 gxf5 32. Nf4 Rhc7 33. Kb2 Rd7 34. Rxd7 Bxd7 35. Rd6 Bxa4 36. Bxa4 Nxa4+ 37. Kb3 Ke7 38. Rh6 Nc5+ 39. Kc4 Nd7 40. Nxh5 Ra4+ 41. Kb3 Nc5+ 42. Kb2 b5 43. Nf4 Rb4+ 44. Kc2 Rc4+ 45. Kd2 b4 46. Rb6 b3 47. Ne2 Rc2+ 48. Kd1 Ra2 49. Nc1 Ra1 50. Kd2 Rb1 51. Nxb3 Rxb3 52. Rxb3 Nxb3+ 53. Ke3 Kf6 54. g4 1/2-1/2

[Event "Dieren op"]
[Site "Dieren"]
[Date "2008.07.24"]
[Round "3"]
[White "Rietveld, Renze"]
[Black "Cheung, Jan W"]
[Result "1-0"]
[WhiteElo "2168"]
[BlackElo "2112"]
[PlyCount "83"]
[EventDate "2008.07.22"]
[EventType "swiss"]
[EventRounds "9"]
[EventCountry "NED"]
[SourceTitle "CBM 125 Extra"]
[Source "ChessBase"]
[SourceDate "2008.09.01"]
[SourceVersion "1"]
[SourceVersionDate "2008.09.01"]
[SourceQuality "1"]

1. e4 c5 2. Nf3 d6 3. d4 cxd4 4. Nxd4 Nf6 5. Nc3 Nc6 6. f3 Qb6 7. Nb3 e6 8. Qe2 a6 9. Be3 Qc7 10. 0-0-0 b5 11. g4 Be7 12. g5 Nd7 13. h4 Bb7 14. Kb1 Na5 15. Bd4 e5 16. Be3 Nc4 17. Bc1 Ndb6 18. Nd5 Nxd5 19. exd5 0-0 20. Qe4 Bc8 21. Bd3 g6 22. h5 Bf5 23. Qh4 Bd8 24. Bxf5 gxf5 25. Qh3 f4 26. Rdg1 Kh8 27. g6 Bf6 28. Qf5 Qe7 29. gxh7 Bh4 30. Rxh4 Qxh4 31. Rg5 f6 32. Rg4 Qf2 33. Qg6 Qa7 34. h6 Qxh7 35. Qg7+ Qxg7 36. hxg7+ Kg8 37. gxf8Q+ Kxf8 38. Rh4 Kg7 39. Nd2 Ne3 40. Ne4 Nxd5 41. Nxd6 Rd8 42. Ne4 1-0

[Event "NED-chT 0708"]
[Site "Netherlands"]
[Date "2007.11.03"]
[Round "3.9"]
[White "Van Beek, Alexander"]
[Black "Rietveld, Renze"]
[Result "0-1"]
[WhiteElo "2327"]
[BlackElo "2137"]
[PlyCount "76"]
[EventDate "2007.09.15"]
[EventType "team-tourn"]
[EventRounds "9"]
[EventCountry "NED"]
[SourceTitle "EXT 2008"]
[Source "ChessBase"]
[SourceDate "2007.11.25"]
[SourceVersion "1"]
[SourceVersionDate "2007.11.25"]
[SourceQuality "1"]
[WhiteTeam "Utrecht"]
[BlackTeam "Groningen Hotels"]
[WhiteTeamCountry "NED"]
[BlackTeamCountry "NED"]

1. d4 d5 2. c4 c6 3. Nf3 Nf6 4. Qb3 e6 5. g3 Be7 6. Bg2 0-0 7. 0-0 Nbd7 8. Bf4 a6 9. Nc3 b5 10. c5 Nh5 11. e4 Nxf4 12. gxf4 Qc7 13. Ne5 Nf6 14. f3 Nh5 15. Ne2 f6 16. Nd3 Bd7 17. f5 Kh8 18. Bh3 exf5 19. exd5 cxd5 20. Qxd5 g6 21. b4 Bc6 22. Qb3 Rad8 23. Rad1 Rfe8 24. Qb2 Bf8 25. Qd2 Bh6 26. f4 Ba8 27. Bg2 Bxg2 28. Kxg2 Qc6+ 29. Kg1 Qd5 30. Ne1 g5 31. Ng2 Qc4 32. Rfe1 gxf4 33. Nexf4 Nxf4 34. Nxf4 Rg8+ 35. Kf2 Rg4 36. Kf3 Rxf4+ 37. Qxf4 Bxf4 38. Kxf4 Rxd4+ 0-1